000 00290nam a22001337a 4500
008 170627b xxu||||| |||| 00| 0 eng d
020 _a2900205739980
041 _aeng
080 _27TH
_a05
100 _a21
101 _aGJL
245 _aTHE LONGMAN WRITER
_cNADELL,J
942 _2udc
_cBK
999 _c19218
_d19218